| 000 | 00795nam a22002177a 4500 | ||
|---|---|---|---|
| 003 | OSt | ||
| 005 | 20141021104824.0 | ||
| 008 | 141003s2014 spc|||||||||| 000 0 spa|d | ||
| 017 |
_aDL B 13282-2014 _bBiblioteca de Catalunya |
||
| 020 | _a9788475849539 | ||
| 040 |
_bcat _cCDMR |
||
| 245 | 0 | 0 |
_aCartografías del 23-F _b: representaciones en la prensa, la televisión, la novela, el cine y la cultura popular _cFrancisca López y Enric Castelló (eds.) |
| 260 |
_aBarcelona _bLaertes _c2014 |
||
| 300 |
_a277 p. _c22 cm |
||
| 490 | 1 |
_aLaertes _v114 |
|
| 504 | _aBibliografia p. [261]-274 | ||
| 651 | 4 |
_aEspanya _xHistòria _y1981, Cop d'Estat _xCobertura periodística _2lemac |
|
| 700 | 1 |
_aLópez, Francisca _q(López Jiménez), _eed. |
|
| 700 | 1 |
_aCastelló, Enric, _d1973-, _eed. |
|
| 942 | _cMON | ||
| 999 |
_c6757 _d6757 |
||